Every 2024 Senate Loser by Picture - Statistics

General Stats
  • This quiz has been taken 39 times
  • The average score is 13 of 34
Answer Stats
Picture Hint Answer % Correct
R-Arizona Kari Lake
97%
D-Ohio Sherrod Brown
90%
D-Montana Jon Tester
87%
R-Nevada Sam Brown
87%
D-Texas Colin Allred
83%
D-Pennsylvania Bob Casey
80%
R-Maryland Larry Hogan
70%
I-Nebraska Dan Osborn
67%
R-Virginia Hung Cao
60%
R-Michigan Mike Rogers
53%
R-Wisconsin Eric Hovde
47%
D-Missouri Lucas Kunce
47%
R-California Steve Garvey
47%
D-Florida Debbie Mucarsel-Powell
43%
D-Tennessee Gloria Johnson
43%
R-Minnesota Royce White
37%
R-New Jersey Curtis Bashaw
30%
R-New Mexico Nella Domenici
30%
D-Nebraska (S) Preston Love
30%
R-Vermont Gerald Malloy
27%
D-Utah Caroline Gleich
20%
R-Massachusetts John Deaton
20%
R-New York Mike Sapraicone
20%
R-Washington Raul Garcia
20%
R-Hawaii Bob McDermott
13%
R-Rhode Island Patricia Morgan
13%
D-Mississippi Ty Pinkins
13%
D-Indiana Valerie McCray
13%
D-North Dakota Katrina Christiansen
10%
R-Connecticut Matthew Corey
10%
D-Wyoming Scott Morrow
10%
R-Maine Demi Kouzounas
7%
D-West Virginia Glenn Elliott
7%
R-Delaware Eric Hansen
3%
No matching quizzes found
Score Distribution
Percent of People with Each Score
Percentile by Number Answered
Your Score History
You have not taken this quiz